Statystyki dla Kraje najbliżej Tajwanu

Kliknij tutaj aby rozwiązać quiz!

Ogólne statystyki

  • Ten quiz został rozwiązany 622 razy
  • Średni wynik to 15 z 20

Statystyki odpowiedzi

kmkraj% Poprawnych
4Chiny
100%
107Japonia
96%
990Korea Poludniowa
93%
1439Korea Pólnocna
92%
2033Indonezja
90%
2069Rosja
89%
1088Wietnam
88%
2115Indie
87%
1444Laos
83%
1734Tajlandia
83%
1606Kambodza
81%
1664Malezja
81%
156Filipiny
80%
2195Mongolia
79%
1774Mjanma
69%
2599Bangladesz
65%
2628Bhutan
64%
1977Brunei
57%
2241Mikronezja
37%
2116Palau
27%

Rozkład punktacji

Percentyl według liczby udzielonych odpowiedzi

Procent ludzi z każdym wynikiem

Twoja historia wyników

Nie rozwiązałeś tego quizu